| 000 | 00501nam a2200169Ia 4500 | ||
|---|---|---|---|
| 999 |
_c10661 _d10661 |
||
| 003 | OSt | ||
| 005 | 20200602093354.0 | ||
| 008 | 190216s9999||||xx |||||||||||||| ||und|| | ||
| 040 | _coclc | ||
| 082 |
_a331 _bGHO/I |
||
| 100 |
_aGhosh, Biswanath _91371 |
||
| 245 | 0 |
_aIndustrial Relations Of Developing Economy / _cBiswanath Ghosh |
|
| 260 |
_bHimalaya Publishing House, _c2001. _aMumbai: |
||
| 300 | _a354 p | ||
| 650 | _aEconomics | ||
| 942 |
_cBK _2ddc _h331 _iGHO/I _k331 _mGHO/I |
||